[Event "Thessaloniki ol (Women)"]
[Site "Thessaloniki"]
[Date "1984.??.??"]
[Round "12"]
[White "Maksimovic, Suzana"]
[Black "Nika, Katerina"]
[Result "1-0"]
[WhiteElo "2150"]
[BlackElo "1985"]

1.d4 g6 2.e4 Bg7 3.Nc3 d6 4.f4 Nc6 5.Nf3 Bg4 6.Be3 Bxf3 7.gxf3 d5 8.Qd2 e6
9.O-O-O Qd7 10.Bh3 Nge7 11.Rhg1 O-O-O 12.Rg5 h6 13.Rgg1 Kb8 14.Ne2 Nc8 15.f5 exf5
16.Bxf5 Qe7 17.e5 Nb6 18.Bd3 a6 19.a3 Qh4 20.Bf4 Qe7 21.Qc3 Qd7 22.h4 Ne7
23.Qc5 Qe6 24.Bg3 g5 25.Kb1 Bf8 26.Qa5 Nc6 27.Qd2 Be7 28.h5 f6 29.f4 Qg4
30.exf6 Bxf6 31.fxg5 Bxg5 32.Bxc7+ Kxc7 33.Rxg4 Bxd2 34.Rxd2 Rdf8 35.Ng3 Rhg8
36.Rxg8 Rxg8 37.Nf5 Rg1+ 38.Ka2 Rh1 39.Ng3 Rh3 40.Rg2 Nxd4 41.Bg6 Kd6 42.c3 Ne6
43.Nf5+ Kc5 44.Rf2 Nd7 45.Nxh6 Ng7 46.Rf7 Nxh5 47.Bf5  1-0

[Event "Tirnavia-B"]
[Site "Trnava"]
[Date "1984.??.??"]
[Round "4"]
[White "Brkljaca, Ante"]
[Black "Tibensky, Robert"]
[Result "1/2-1/2"]
[WhiteElo "2325"]
[BlackElo "2275"]

1.d4 g6 2.e4 d6 3.Nc3 Bg7 4.g3 Nf6 5.Bg2 O-O 6.Nge2 e5 7.h3 Nc6 8.Be3 exd4
9.Nxd4 Ne5 10.b3 a6 11.O-O Re8 12.a4 Bd7 13.f4 Nc6 14.Qd2 Rb8 15.Rad1 Nb4
16.e5 dxe5 17.fxe5 Rxe5 18.Bf4 Re8 19.Bg5 h6 20.Bxf6 Bxf6 21.Qf2 Kg7 22.Ne4 Rxe4
23.Bxe4 Qe7 24.c3 c5 25.Ne2 Bc6 26.Bxc6 Nxc6 27.Nf4 Be5 28.Rde1 Rd8 29.Re3 Qf6
30.Rf3 Qd6 31.Rd3 Qe7 32.Rxd8 Nxd8 33.Re1 Qd6 34.Qe3 Nc6 35.Kg2 h5 36.h4 a5
37.Qc1 Ne7 38.Qe3 Nc6 39.Rf1 Ne7 40.Qf3 Bxf4 41.Qxf4 Qd5+ 42.Qf3 Qxb3 43.Qf6+ Kf8
44.Kg1 Qd5 45.c4 Qxc4 46.Rd1 Nc6 47.Rd7 Kg8 48.Rxb7 Qc1+  1/2-1/2

[Event "Tirnavia"]
[Site "Trnava"]
[Date "1984.??.??"]
[Round "7"]
[White "Mokry, Karel"]
[Black "Sznapik, Aleksander"]
[Result "1-0"]
[WhiteElo "2435"]
[BlackElo "2460"]

1.e4 g6 2.d4 d6 3.Nc3 Bg7 4.Be3 a6 5.Qd2 b5 6.h4 h5 7.Nh3 Bb7 8.Ng5 Nd7 9.f3 e6
10.g3 Ne7 11.Bh3 Nb6 12.b3 Nc6 13.Ne2 Qe7 14.O-O Nd8 15.Nf4 Nd7 16.a4 b4
17.Qxb4 c5 18.Qd2 cxd4 19.Bxd4 Bxd4+ 20.Qxd4 e5 21.Qb2 Nf6 22.Nd3 O-O 23.a5 Nc6
24.Kh2 d5 25.exd5 Nxd5 26.Rae1 Rae8 27.f4 Nf6 28.fxe5 Ng4+ 29.Bxg4 hxg4 30.Rf4 Ba8
31.Ne4 Rd8 32.Nf6+ Kg7 33.e6 Nd4 34.Nd7  1-0

[Event "Tirnavia-B"]
[Site "Trnava"]
[Date "1984.??.??"]
[Round "13"]
[White "Nun, Jiri"]
[Black "Horvath, Gyula"]
[Result "1-0"]
[WhiteElo "2390"]
[BlackElo "2375"]

1.e4 g6 2.d4 Bg7 3.Nc3 d6 4.Be2 Nf6 5.Be3 a6 6.a4 O-O 7.g4 Nc6 8.g5 Nd7 9.h4 e5
10.dxe5 Ndxe5 11.f4 Nd7 12.Qd2 Nc5 13.Bf3 Re8 14.Nge2 Na5 15.b3 Ncxb3 16.cxb3 Nxb3
17.Qd1 Nxa1 18.h5 Bf5 19.Kf2 Bd7 20.hxg6 fxg6 21.Qxa1 c5 22.a5 Qe7 23.Nd5 Qf7
24.Nf6+ Bxf6 25.gxf6 Bc6 26.Ng3 Re6 27.f5 gxf5 28.Nxf5 Qxf6 29.Rg1+ Kh8 30.Qxf6+ Rxf6
31.Bc1 Rg6 32.Bb2+ Kg8 33.Ne7+ Kf7 34.Nxg6 hxg6 35.Rh1 Re8 36.Rh7+ Kg8 37.Rh4 Re7
38.Kg3 Kf7 39.Kf4 Ke6 40.Rh6 Kf7 41.Kg5 Re6 42.Rh7+ Ke8 43.Rh4 Ke7 44.Rf4 Kd8
45.Bf6+ Kc7 46.Rh4 b5 47.Kxg6 b4 48.Rh7+ Kb8 49.Kf5 Re8 50.Be7 Kc7 51.Bd1 c4
52.e5 dxe5 53.Bxb4+ Kb8 54.Bd6+ Ka8 55.Bxe5 Bb7 56.Ba4 Rc8 57.Bd7 Rd8 58.Ke6 Be4
59.Rg7 Bb7 60.Ke7 Rh8 61.Kd6 Kb8 62.Kc5+ Ka8 63.Kb6 c3 64.Bc6  1-0

[Event "Troon"]
[Site "Troon"]
[Date "1984.??.??"]
[Round "1"]
[White "Pritchett, Craig William"]
[Black "Motwani, Paul"]
[Result "1/2-1/2"]
[WhiteElo "2395"]
[BlackElo "2355"]

1.e4 g6 2.d4 Bg7 3.Nc3 d6 4.Be3 Nd7 5.Qd2 c6 6.Nf3 b5 7.Bd3 Nb6 8.b3 Bg4
9.a4 a6 10.O-O Bxf3 11.gxf3 d5 12.axb5 axb5 13.Rxa8 Qxa8 14.exd5 b4 15.dxc6 bxc3
16.Qxc3 Nf6 17.Ra1 Qc8 18.Qc5 Nbd5 19.Ba6 Qd8 20.Bf4 O-O 21.c7 Qa8 22.Bg3  1/2-1/2

[Event "Troon"]
[Site "Troon"]
[Date "1984.??.??"]
[Round "2"]
[White "Cramling, Dan"]
[Black "McNab, Colin Anderson"]
[Result "1-0"]
[WhiteElo "2380"]
[BlackElo "2370"]

1.e4 g6 2.d4 Bg7 3.Nc3 d6 4.Be3 c6 5.a4 a5 6.g3 Nf6 7.h3 O-O 8.Bg2 Qc7 9.Nge2 e5
10.O-O Na6 11.Qd2 Nb4 12.f4 exd4 13.Nxd4 Re8 14.Bf2 Na6 15.Rfe1 Nc5 16.Rad1 Bd7
17.g4 Rad8 18.Bh4 Bc8 19.Qf2 Ncd7 20.Nb3 b6 21.Bf3 h6 22.Nd4 Bb7 23.Qg2 Rc8
24.Bg3 Ba8 25.Kh2 Nh7 26.Re2 Nc5 27.Red2 Rcd8 28.h4 Rd7 29.g5 hxg5 30.hxg5 f6
31.gxf6 Bxf6 32.Kg1 Nf8 33.Bh2 Rg7 34.b3 Nce6 35.Nce2 Nxd4 36.Nxd4 Ne6 37.Nxe6 Rxe6
38.Bg4 Re8 39.Rxd6 Be7 40.Rd7 Qb8 41.Kf1  1-0

[Event "Troon"]
[Site "Troon"]
[Date "1984.??.??"]
[Round "9"]
[White "Motwani, Paul"]
[Black "McNab, Colin Anderson"]
[Result "0-1"]
[WhiteElo "2355"]
[BlackElo "2370"]

1.e4 g6 2.d4 d6 3.Nc3 Bg7 4.Be3 Nf6 5.f3 c6 6.Qd2 Nbd7 7.a4 a5 8.Nh3 O-O
9.Be2 e5 10.O-O d5 11.Nf2 dxe4 12.Nfxe4 Nxe4 13.Nxe4 Nf6 14.Nxf6+ Bxf6 15.Rad1 Bf5
16.c3 exd4 17.Bxd4 Bxd4+ 18.Qxd4 Bc2 19.Rd2 Bxa4 20.Bc4 Qxd4+ 21.Rxd4 Bc2
22.Re1 b5 23.Ba2 Ra7 24.g4 b4 25.cxb4 axb4 26.Bc4 b3 27.Bd3 Ra2 28.Bxc2 bxc2
29.Rc4 Rxb2 30.Rc1 Rc8 31.Kf2 Kf8 32.R1xc2 Rxc2+ 33.Rxc2 Ke7 34.Ke3 Kd6 35.Rd2+ Ke6
36.Ke4 Ra8 37.Rc2 Ra4+ 38.Ke3 Kd6 39.Rd2+ Kc7 40.Rb2 c5 41.Kd3 Rd4+ 42.Ke3 Rd7
43.Rb5 Kc6 44.Rb8 c4 45.Rh8 Kb5 46.Rxh7 c3 47.Rh8 Rc7 48.Rb8+ Ka4 49.Ra8+ Kb3
50.Rb8+ Ka2 51.Ra8+ Kb2 52.Rb8+ Kc1  0-1

[Event "Tunja"]
[Site "Tunja"]
[Date "1984.??.??"]
[Round "1"]
[White "Gutierrez, Jose Antonio"]
[Black "Cuartas, Carlos"]
[Result "1/2-1/2"]
[WhiteElo "2360"]
[BlackElo "2330"]

1.e4 g6 2.d4 Bg7 3.Nc3 d6 4.Be2 Nf6 5.Nf3 O-O 6.O-O Bg4 7.h3 Bxf3 8.Bxf3 Nc6
9.Bg5 h6 10.Be3 e5 11.d5 Ne7 12.Ne2 Nd7 13.Qd2 Kh7 14.g4 Ng8 15.Ng3 Bf6 16.Kg2 Bg5
17.h4 Bxe3 18.Qxe3 Qxh4 19.Rh1 Qf6 20.g5 Qf4 21.Qxf4 exf4 22.Ne2 f5 23.Nd4 fxe4
24.Bxe4 Nc5 25.Bf3 a5 26.c3 a4 27.b4 axb3 28.axb3 Rxa1 29.Rxa1 hxg5 30.Rh1+ Nh6
31.b4 Na4 32.c4 Nb6 33.c5 dxc5 34.bxc5 Nxd5 35.Rd1 c6 36.Ne6 Rf5 37.Rb1 g4
38.Rxb7+ Rf7 39.Rxf7+ Nxf7 40.Bxd5 cxd5 41.Nxf4 d4 42.c6 Kh6 43.c7  1/2-1/2

[Event "URS-ch U20"]
[Site "Vilnius"]
[Date "1984.??.??"]
[Round "5"]
[White "Korzubov, Peter"]
[Black "Azmaiparashvili, Zurab"]
[Result "1/2-1/2"]
[WhiteElo "2470"]
[BlackElo "2460"]

1.e4 d6 2.d4 g6 3.Nc3 Bg7 4.Bg5 c6 5.Qd2 b5 6.a3 a6 7.Be2 Nd7 8.Nf3 Bb7 9.O-O c5
10.d5 Ngf6 11.Bh6 O-O 12.Bxg7 Kxg7 13.Qf4 Qc7 14.Rad1 Rae8 15.Rfe1 e6 16.dxe6 Rxe6
17.Ng5 Re5 18.Nf3 Re6 19.Ng5 Re5 20.Nf3  1/2-1/2

[Event "Hoogovens-B"]
[Site "Wijk aan Zee"]
[Date "1984.??.??"]
[Round "7"]
[White "Hartoch, Robert G"]
[Black "De Wit, Johannes S"]
[Result "1/2-1/2"]
[WhiteElo "2355"]
[BlackElo "2395"]

1.d4 g6 2.e4 Bg7 3.Nc3 d6 4.Nge2 Nf6 5.g3 O-O 6.Bg2 e5 7.O-O c6 8.h3 b5 9.a3 Qc7
10.Be3 Nbd7 11.Qd2 Re8 12.g4 Nb6 13.b3 a5 14.Ng3 Ba6 15.Nce2 a4 16.Rad1 axb3
17.cxb3 Bb7 18.Qc1 Nfd7 19.Nc3 Qb8 20.Rfe1 Ra6 21.Re2 Qa8 22.Nb1 Nf8 23.d5 cxd5
24.Bxb6 Rxb6 25.exd5 Nd7  1/2-1/2

[Event "Yerevan"]
[Site "Yerevan"]
[Date "1984.??.??"]
[Round "?"]
[White "Prandstetter, Eduard"]
[Black "Tseshkovsky, Vitaly"]
[Result "0-1"]
[WhiteElo "2435"]
[BlackElo "2490"]

1.e4 d6 2.d4 g6 3.Nc3 Bg7 4.Nge2 h5 5.Bg5 c6 6.Qd2 b5 7.a3 a6 8.g3 Nd7 9.Bg2 Bb7
10.h3 c5 11.O-O Rc8 12.Rad1 Ba8 13.Rfe1 cxd4 14.Nxd4 Ngf6 15.Nd5 O-O 16.Nxf6+ Nxf6
17.c3 Qb6 18.Bh6 Rc5 19.Bxg7 Kxg7 20.Qe3 Rb8 21.Kh2 Qc7 22.f4 Qc8 23.Nb3 Rc7
24.e5 dxe5 25.fxe5 Nh7 26.Bxa8 Rxa8 27.e6 f6 28.Rd5 Qb7 29.Red1 Nf8 30.Rd8 Rxd8
31.Rxd8 Rc8 32.Nc5 Qc6 33.Rxc8 Qxc8 34.b4 Qc6 35.Kg1 g5 36.h4 gxh4 37.gxh4 Ng6
38.Qg3 a5 39.Kf2 Qd5 40.Ke3 Qc4 41.Kd2 Qa2+ 42.Ke3  0-1

[Event "Aarhus-D"]
[Site "Aarhus"]
[Date "1985.??.??"]
[Round "1"]
[White "Ochsner, Thomas"]
[Black "Rosenlund, Thorbjorn"]
[Result "0-1"]
[WhiteElo "2200"]
[BlackElo "2270"]

1.e4 g6 2.d4 Bg7 3.Nc3 d6 4.f4 a6 5.a4 b6 6.Nf3 c5 7.Be3 Nf6 8.d5 O-O 9.Bc4 e6
10.Qd3 exd5 11.Nxd5 Nc6 12.Rd1 b5 13.axb5 axb5 14.Bxb5 Nxd5 15.Bxc6 Nb4 16.Qxd6 Qxd6
17.Rxd6 Nxc6 18.Bxc5 Re8 19.Kf2 Na5 20.Rhd1 Bf8  0-1

[Event "URS-ch sf"]
[Site "Aktjubinsk"]
[Date "1985.??.??"]
[Round "?"]
[White "Tseshkovsky, Vitaly"]
[Black "Gofshtein, Leonid D"]
[Result "1-0"]
[WhiteElo "2470"]
[BlackElo "2395"]

1.e4 g6 2.d4 Bg7 3.Nc3 d6 4.f4 Nf6 5.Nf3 c5 6.dxc5 Qa5 7.Bd3 Qxc5 8.Qe2 Bg4
9.Be3 Qa5 10.O-O O-O 11.Qf2 Bxf3 12.Qxf3 Nc6 13.a3 Rac8 14.Kh1 a6 15.Rab1 Rfe8
16.Nd5 Nxd5 17.exd5 Nd4 18.Bxd4 Bxd4 19.h4 f5 20.h5 Rf8 21.c3 Bf6 22.hxg6 hxg6
23.g4 Kf7 24.g5 Bg7 25.Kg2 Rh8 26.Rh1 Rcg8 27.Kg3 Ke8 28.Qe2 Kd8 29.Rbe1 Bf8
30.Qe6 Qa4 31.Rh7 Qb3 32.Reh1 Rxh7 33.Rxh7 Qd1 34.Qxg8 Qxd3+ 35.Kh4 Kc7 36.Qxf8 Qxd5
37.Qxe7+ Kb8 38.Qe8+ Ka7 39.Qe3+ Kb8 40.Rh8+ Kc7  1-0

[Event "Albena"]
[Site "Albena"]
[Date "1985.??.??"]
[Round "?"]
[White "Georgiev, Krum"]
[Black "Popchev, Milko"]
[Result "1/2-1/2"]
[WhiteElo "2440"]
[BlackElo "2480"]

1.e4 g6 2.d4 Bg7 3.Nc3 d6 4.Be3 a6 5.h4 Nf6 6.f3 Nc6 7.Qd2 e5 8.Nge2 exd4
9.Nxd4 Nxd4 10.Bxd4 O-O 11.O-O-O Be6 12.h5 b5 13.Nd5 Bxd5 14.exd5 Re8 15.g4 Qe7
16.Bh3 Qe2 17.h6 Qxd2+ 18.Rxd2 Bh8 19.g5 Nh5 20.Kd1 Bxd4 21.Rxd4 Re3  1/2-1/2

[Event "OHRA-B"]
[Site "Amsterdam"]
[Date "1985.??.??"]
[Round "4"]
[White "Kurajica, Bojan"]
[Black "Haik, Aldo"]
[Result "1-0"]
[WhiteElo "2505"]
[BlackElo "2440"]

1.d4 g6 2.e4 d6 3.Nc3 Bg7 4.Be3 c6 5.f4 Nd7 6.Nf3 b5 7.Bd3 b4 8.Ne2 Ngf6
9.O-O e5 10.fxe5 dxe5 11.h3 exd4 12.Nexd4 c5 13.Nb3 O-O 14.e5 Nd5 15.Bg5 Qb6
16.Be4 c4+ 17.Kh1 cxb3 18.Qxd5 Nc5 19.Be3 Nxe4 20.Bxb6 Ng3+ 21.Kg1 Be6 22.Qd3 axb6
23.axb3 Rad8 24.Qe3 Nxf1 25.Rxf1 Rc8 26.Qxb6 Bd5 27.c4 bxc3 28.bxc3 Rb8 29.Qd4 Bxb3
30.c4 Rfc8 31.Nd2 Ba4 32.Ne4 Bc2 33.Nf6+ Kh8 34.Qh4 h6 35.Nd7 Re8 36.Rxf7 g5
37.Qd4 Re6 38.Nf6  1-0

[Event "OHRA-B"]
[Site "Amsterdam"]
[Date "1985.??.??"]
[Round "5"]
[White "Belkhodja, Slim"]
[Black "Hartoch, Robert G"]
[Result "1/2-1/2"]
[WhiteElo "2385"]
[BlackElo "2380"]

1.e4 g6 2.d4 Bg7 3.Nc3 d6 4.Nf3 Nf6 5.Be2 O-O 6.O-O c6 7.a4 Nbd7 8.Bf4 Qc7
9.Qd2 e5 10.Bh6 Re8 11.Bxg7 Kxg7 12.Rfe1 Nf8 13.h3 Bd7 14.Bc4 Rad8 15.dxe5 dxe5
16.Qe3 b6 17.Rad1 Be6 18.Bf1 N6d7 19.b4 f6 20.Nb1 Bf7 21.Na3 Ne6 22.Bc4 Ndf8
23.c3 Rxd1 24.Rxd1 Rd8 25.Rxd8 Nxd8 26.Qd3 Qd7 27.Qxd7 Nxd7 28.Nd2 Kf8 29.Kf1 Ke7
30.Ke2 h5 31.g3 Ne6 32.Bxe6 Bxe6 33.h4 g5 34.hxg5 fxg5 35.Kf1 Nf6 36.Nc2 Bf7
37.Ne1 Ne8 38.Nd3 Kf6 39.Kg2 g4 40.f3 gxf3+ 41.Kxf3 Nd6 42.Ke3 Be6 43.Nxe5 Kxe5
44.Nf3+ Kf6 45.e5+ Ke7 46.exd6+ Kxd6 47.Nd4 Bd7 48.Ke4  1/2-1/2

[Event "ITA-ch44"]
[Site "Arcidosso"]
[Date "1985.??.??"]
[Round "3"]
[White "Gallo, Enrico"]
[Black "Belotti, Bruno"]
[Result "1/2-1/2"]
[WhiteElo "2030"]
[BlackElo "2270"]

1.e4 g6 2.d4 Bg7 3.Nc3 d6 4.Be3 Nf6 5.h3 c6 6.Qd2 b5 7.Bd3 Bb7 8.Nf3 Qc7
9.e5 dxe5 10.dxe5 Nfd7 11.e6 fxe6 12.Ng5 Nf8 13.O-O-O Nbd7 14.Rhe1 Qa5 15.Qe2 b4
16.Qf3 Ne5 17.Qf4 h6 18.Nce4 hxg5 19.Nxg5 O-O-O 20.Bc4 Rxd1+ 21.Rxd1 Nxc4
22.Qxc4 Qe5 23.Qxb4 Qb5 24.Qa3 Rh5 25.f4 Nd7 26.g4 Rxg5 27.fxg5 Nb6 28.Qb3 Nc4
29.Qxb5 cxb5 30.Bd4 Bxd4 31.Rxd4 e5 32.Rd1 Bf3 33.Re1 e4 34.h4 Kd7 35.h5 gxh5
36.gxh5 Bxh5 37.Rxe4  1/2-1/2

[Event "Baden-Baden"]
[Site "Baden-Baden"]
[Date "1985.??.??"]
[Round "7"]
[White "Kindermann, Stefan"]
[Black "Quinteros, Miguel A"]
[Result "1/2-1/2"]
[WhiteElo "2480"]
[BlackElo "2525"]

1.e4 g6 2.d4 d6 3.Nc3 Bg7 4.h3 a6 5.a4 b6 6.Nf3 Nf6 7.Bc4 O-O 8.O-O Bb7 9.e5 Ne8
10.Re1 dxe5 11.Nxe5 Nd6 12.Ba2 Nf5 13.d5 c5 14.Bf4 Nd4 15.Ng4 Nd7 16.Ne3 b5
17.Ne4 bxa4 18.c3 Nb3 19.Bxb3 axb3 20.Qxb3 Ra7 21.Red1 Qa8 22.Rd2 a5 23.Qa3 Rc8
24.Rad1  1/2-1/2

[Event "Balatonbereny op"]
[Site "Balatonbereny"]
[Date "1985.??.??"]
[Round "10"]
[White "Barczay, Laszlo"]
[Black "Szirmai, Eduard"]
[Result "1-0"]
[WhiteElo "2360"]
[BlackElo "2210"]

1.e4 g6 2.d4 Bg7 3.Nc3 d6 4.Be3 c6 5.Qd2 b5 6.Bd3 a6 7.a4 b4 8.Nce2 a5 9.Rd1 Qc7
10.Nf3 Nd7 11.O-O Ngf6 12.Bh6 O-O 13.Bxg7 Kxg7 14.b3 c5 15.Ng3 cxd4 16.Nxd4 Ne5
17.Bb5 e6 18.f4 Qc5 19.fxe5 dxe5 20.Rxf6  1-0

[Event "Ballerup"]
[Site "Ballerup"]
[Date "1985.??.??"]
[Round "2"]
[White "Forgacs, Gyula"]
[Black "Kristiansen, Jens"]
[Result "1/2-1/2"]
[WhiteElo "2395"]
[BlackElo "2455"]

1.e4 g6 2.d4 Bg7 3.Nc3 d6 4.f4 Nc6 5.Be3 Nf6 6.Nf3 O-O 7.e5 Ng4 8.Bg1 f6
9.d5 Nb4 10.h3 Nh6 11.a3 Na6 12.e6 c6 13.Bxa6 bxa6 14.g4 cxd5 15.Qxd5 Rb8
16.O-O-O Bb7 17.Qd3 Qc8 18.f5 gxf5 19.gxf5 Nxf5 20.Bxa7 Qxe6 21.Bxb8 Rxb8
22.Rhe1 Bh6+ 23.Kb1 Ne3 24.Nd4 Qxh3 25.Rxe3 Qxe3 26.Qc4+ d5 27.Nxd5 Bxd5
28.Qxd5+ Kh8 29.Nf5 Qb6 30.b3 e6 31.Qh1 exf5 32.Qxh6 Qe6 33.Rh1 Rxb3+ 34.cxb3 Qxb3+
35.Kc1 Qc3+ 36.Kd1 Qd3+ 37.Ke1 Qe4+ 38.Kf2 Qc2+ 39.Ke3 Qe4+ 40.Kd2 Qd4+  1/2-1/2

[Event "Boeblingen op"]
[Site "Boeblingen"]
[Date "1985.??.??"]
[Round "?"]
[White "Jovic, Ljubomir"]
[Black "Reinhardt, M."]
[Result "1/2-1/2"]
[WhiteElo "2345"]
[BlackElo "2275"]

1.e4 g6 2.d4 Bg7 3.Nc3 d6 4.f4 Nf6 5.Nf3 O-O 6.e5 dxe5 7.dxe5 Qxd1+ 8.Kxd1 Ng4
9.Ke1 c6 10.Bc4 Kh8 11.h3 Nh6 12.g4 Na6 13.Be3 f6 14.Rd1 Nc7 15.Kd2 Be6 16.Bd3 Nd5
17.Nxd5 Bxd5 18.Rhf1 Bxf3 19.exf6 Bxd1 20.fxg7+ Kxg7 21.Bd4+ Kg8 22.Kxd1 Rad8
23.Bc3 Nf7 24.Ke2 Nd6 25.f5 gxf5 26.gxf5 Rf7 27.Be5 Kf8 28.b4 b5 29.a4 Nc4
30.Bc3 Rd6 31.Rf3 Rh6 32.Bd4 a6 33.axb5 axb5 34.Be4 Nd6 35.Ra3 Rxf5 36.Bxf5 Nxf5
37.Rf3 Rh5 38.Bc5 Ke8 39.Kf2 Kd7 40.Ra3 Nd6 41.Ra7+ Ke6 42.Kg2 Rd5 43.Rc7 Rd2+
44.Kf3 Rxc2 45.Rxc6 Kf5 46.Rc7 Rc3+ 47.Kg2 Rc2+ 48.Kf3 Rc3+ 49.Kg2 Ne4 50.Rxe7 Nxc5
51.bxc5 Rxc5 52.Rxh7 Ke4 53.h4 Kd3 54.Rb7 Kc3 55.Kg3 b4 56.Kg4 b3 57.h5 Rc4+
58.Kg5  1/2-1/2

[Event "Bor"]
[Site "Bor"]
[Date "1985.??.??"]
[Round "?"]
[White "Morovic Fernandez, Ivan"]
[Black "Plaskett, Jim"]
[Result "1/2-1/2"]
[WhiteElo "2450"]
[BlackElo "2495"]

1.e4 g6 2.d4 Bg7 3.Nc3 d6 4.f4 Nf6 5.Nf3 c5 6.Bb5+ Bd7 7.e5 Ng4 8.e6 Bxb5
9.exf7+ Kd7 10.Nxb5 Qa5+ 11.Nc3 cxd4 12.Nxd4 Bxd4 13.Qxd4 Nc6 14.Qc4 Nb4
15.Qe4 Nf6 16.Qxb7+ Ke6 17.O-O Kxf7 18.Re1 Rhe8 19.Re2 Rab8 20.Qf3 Qf5 21.Qf2 Ng4
22.Qh4 Nxc2 23.Qxh7+ Kf8 24.Ne4 Nf6 25.Qh8+ Ng8 26.Ng5 e6 27.Nh7+  1/2-1/2

[Event "Lang mem"]
[Site "Brno"]
[Date "1985.??.??"]
[Round "6"]
[White "Gola, Martin"]
[Black "Telecki, Ivan"]
[Result "1-0"]
[WhiteElo "2265"]
[BlackElo "2280"]

1.e4 g6 2.d4 d6 3.Nc3 Bg7 4.f4 c6 5.Be3 b5 6.Bd3 Qa5 7.Nf3 Nf6 8.h3 b4 9.Ne2 d5
10.e5 Ne4 11.Bxe4 dxe4 12.Nd2 f5 13.a3 Be6 14.Kf2 Nd7 15.axb4 Qxb4 16.b3 O-O
17.c4 Bf7 18.Qc2 Rfd8 19.Ra6 g5 20.g3 Qb7 21.Rha1 gxf4 22.gxf4 Nb8 23.R6a5 e6
24.Qa2 a6 25.Qb1 Qe7 26.Qg1 Kh8 27.Qg5 Qb7 28.Qxd8+  1-0

[Event "Alfoldi mem (Women)"]
[Site "Budapest"]
[Date "1985.??.??"]
[Round "?"]
[White "Sziva, Erika"]
[Black "Stadler, Tereza"]
[Result "0-1"]
[WhiteElo "2000"]
[BlackElo "2120"]

1.e4 d6 2.d4 g6 3.Nc3 Bg7 4.Be3 Nf6 5.f3 c6 6.Qd2 Qa5 7.O-O-O Nbd7 8.g4 b5
9.Kb1 b4 10.Nce2 Ba6 11.Nc1 Bxf1 12.Rxf1 Nb6 13.Qd3 Na4 14.Nge2 Nd7 15.Nb3 Qc7
16.h4 h6 17.f4 a5 18.f5 gxf5 19.Rxf5 e6 20.Rff1 Nab6 21.Nf4 a4 22.Nh5 Bf8
23.Nc1 c5 24.dxc5 dxc5 25.Qe2 a3 26.Qf2 axb2 27.Qxf7+ Kd8 28.Ne2 Nc4 29.Nhf4 Kc8
30.Nxe6 Rxa2 31.Kxa2 Qa5+ 32.Kb3 Qa3+ 33.Kxc4 Ne5+ 34.Kb5 Nxf7 35.Rxf7 Qxe3
36.Rc7+ Kb8 37.Kb6 Qxe4 38.Re1 Qxe6+  0-1

[Event "Alfoldi mem (Women)"]
[Site "Budapest"]
[Date "1985.??.??"]
[Round "?"]
[White "Porubszky Angyalosine, Maria A"]
[Black "Krizsan Bilek, Gyulane"]
[Result "1/2-1/2"]
[WhiteElo "2160"]
[BlackElo "1980"]

1.e4 g6 2.d4 Bg7 3.Nc3 d6 4.Nf3 c6 5.a4 a5 6.Be2 Na6 7.h3 Nb4 8.Be3 Nf6 9.O-O h6
10.Ne1 b6 11.f4 Ba6 12.Bxa6 Rxa6 13.Qf3 Qc7 14.Rc1 Ra7 15.Bf2 Rb7 16.e5 Nh7
17.exd6 Qxd6 18.Ne4 Qd7 19.c3 Nd5 20.Nd3 f6 21.Rfe1 O-O 22.Qe2 Rd8 23.Nd2 Nf8
24.Nf3 g5 25.fxg5 hxg5 26.Bg3 g4 27.hxg4 Qxg4 28.Bh2 Bh6 29.Nf2 Qg7 30.Ra1 Bf4
31.Nh3 Bxh2+ 32.Nxh2 e6 33.Qh5 Qh7 34.Qxh7+ Rxh7  1/2-1/2

[Event "Budapest Elekes"]
[Site "Budapest"]
[Date "1985.??.??"]
[Round "?"]
[White "Doncevic, Dario"]
[Black "Bischoff, Klaus"]
[Result "1/2-1/2"]
[WhiteElo "2340"]
[BlackElo "2415"]

1.e4 d6 2.d4 g6 3.Nc3 Bg7 4.Nf3 Nf6 5.Be2 O-O 6.O-O c5 7.dxc5 dxc5 8.e5 Ng4
9.Bg5 Nc6 10.Nd5 Ngxe5 11.Nxe7+ Nxe7 12.Qxd8 Rxd8 13.Bxe7 Rd7  1/2-1/2

[Event "Donaueschingen MA"]
[Site "Donaueschingen"]
[Date "1985.??.??"]
[Round "5"]
[White "Herbrechtsmeier, Christof"]
[Black "Vogel, Robert"]
[Result "1-0"]
[WhiteElo "2325"]
[BlackElo "2245"]

1.e4 g6 2.d4 Bg7 3.Nc3 d6 4.Bc4 Nf6 5.f3 O-O 6.Be3 c6 7.Bb3 Nbd7 8.Qd2 b5
9.a4 b4 10.Nce2 a5 11.h4 h5 12.Nh3 e5 13.Ng5 Qe7 14.Rd1 d5 15.O-O Ba6 16.Rf2 dxe4
17.fxe4 exd4 18.Bxd4 Ne5 19.Bxe5 Qxe5 20.Nf4 Nxe4 21.Nxe4 Qxe4 22.Re1 Qd4
23.Nxg6 Qxd2 24.Rxd2 Rfd8 25.Rxd8+ Rxd8 26.Ne5 c5 27.Bxf7+ Kf8 28.Bxh5 Rd5
29.Ng6+ Kf7 30.g4 Rd2 31.Nf4+ Kg8 32.Re8+ Bf8 33.Ne6 Rd1+ 34.Kg2 Rf1 35.Nxc5 Bc4
36.b3 Rc1 37.bxc4 Rxc2+ 38.Kf3 Rxc4 39.Ne6 b3 40.Bg6  1-0

[Event "Esbjerg"]
[Site "Esbjerg"]
[Date "1985.??.??"]
[Round "5"]
[White "Mortensen, Erling"]
[Black "Kristiansen, Jens"]
[Result "0-1"]
[WhiteElo "2450"]
[BlackElo "2390"]

1.d4 g6 2.e4 Bg7 3.Nc3 d6 4.Be3 c6 5.Qd2 b5 6.Bd3 Nd7 7.f4 Ngf6 8.Nf3 Nb6
9.b3 Qc7 10.Ne2 O-O 11.c3 Bb7 12.Ng3 c5 13.Rc1 c4 14.Bb1 cxb3 15.axb3 a5
16.Bd3 a4 17.c4 axb3 18.cxb5 Qd7 19.Qb4 Nfd5 20.exd5 Nxd5 21.Qxb3 Nxe3 22.Kf2 Bd5
23.Qb4 Ng4+ 24.Kg1 Qb7 25.Ne1 Ra2 26.Ne2 Bxg2 27.h3 Bxh1 28.hxg4 Bf3 29.Nc3 Rd2
30.g5 Qd7 31.f5 Rxd3  0-1

[Event "FIN-ch"]
[Site "Espoo"]
[Date "1985.??.??"]
[Round "?"]
[White "Maki, Veijo"]
[Black "Yrjola, Jouni"]
[Result "1/2-1/2"]
[WhiteElo "2355"]
[BlackElo "2500"]

1.e4 g6 2.d4 Bg7 3.Nc3 d6 4.f4 Nf6 5.Nf3 O-O 6.Bd3 Nc6 7.O-O Bg4 8.e5 dxe5
9.dxe5 Nd5 10.h3 Nxc3 11.bxc3 Bf5 12.Qe2 Qd7 13.Be3 Rad8 14.Rad1 Qc8 15.Rb1 b6
16.Ba6 Qa8 17.g4 Bc8 18.Bd3 Bb7  1/2-1/2

[Event "FIN-ch"]
[Site "Espoo"]
[Date "1985.??.??"]
[Round "?"]
[White "Valkesalmi, Kimmo"]
[Black "Maki, Veijo"]
[Result "1/2-1/2"]
[WhiteElo "2340"]
[BlackElo "2355"]

1.e4 g6 2.d4 Bg7 3.Nc3 d6 4.Be3 Nf6 5.h3 O-O 6.Qd2 a6 7.a4 b6 8.g4 Bb7 9.Bg2 c5
10.Nge2 cxd4 11.Bxd4 Nc6 12.g5 Nd7 13.Bxg7 Kxg7 14.h4 Nc5 15.Nd5 h5 16.gxh6+ Kh7
17.b4 Nd7 18.Ra3 e6 19.Ndf4 Nde5 20.Nh3 Qf6 21.Ng5+ Kh8 22.Rc3 d5 23.exd5 exd5
24.Bxd5 Rad8 25.Qf4 Qe7 26.Bxc6 Bxc6 27.O-O f6 28.Re3 Rde8 29.Nh3 g5 30.hxg5 fxg5
31.Qd4 g4 32.Nhf4 Kh7 33.Nd5 Qg5 34.Kg2 Nc4 35.Nc3 Nxe3+ 36.fxe3 Rxf1 37.Kxf1 Rf8+
38.Nf4 g3 39.Qg7+ Qxg7 40.hxg7 Kxg7 41.b5 axb5 42.axb5 Bb7 43.Ne2 g2+ 44.Kg1 Kf6
45.Nxg2 Rg8 46.Nf4 Ke5 47.Kf2 Bxg2 48.Nxg2 Rc8 49.Ne1 Ke4 50.Ke2 Rc3 51.Kd2 Rxe3
52.Nd3 Kd4 53.c3+ Ke4 54.Nb2 Rh3 55.Na4 Rh2+ 56.Kc1 Rh6 57.Kc2 Rg6 58.Kb3 Kd5  1/2-1/2

[Event "Frunze"]
[Site "Frunze"]
[Date "1985.??.??"]
[Round "3"]
[White "Kupreichik, Viktor D"]
[Black "Kanstler, Boris"]
[Result "1/2-1/2"]
[WhiteElo "2470"]
[BlackElo "2380"]

1.e4 g6 2.d4 Bg7 3.Nc3 d6 4.Be3 a6 5.Qd2 b5 6.Bd3 Bb7 7.O-O-O Nd7 8.Nf3 Rc8
9.Kb1 c5 10.dxc5 Nxc5 11.Bd4 Nf6 12.e5 Nh5 13.exd6 Qxd6 14.Bxg7 Nxg7 15.Qh6 Qf6
16.Ng5 Nge6 17.Nxe6 Nxe6 18.Be4 Bxe4 19.Nxe4 Qf4 20.Qxf4 Nxf4 21.g3 Ne6 22.Rhe1 Rd8
23.Nc3 Nc7 24.a4 bxa4 25.Nxa4 e6 26.c4 Ke7 27.Kc2 Rd6 28.Rxd6 Kxd6 29.Rd1+ Kc6
30.b4 Rb8 31.Kb3 e5 32.Nc5 Re8 33.Nxa6 Nxa6 34.b5+ Kb7 35.bxa6+ Kxa6 36.Rd6+ Ka5
37.Rd7 f5 38.Rxh7 Rd8 39.Ra7+ Kb6 40.Rg7 Kc5 41.Rc7+ Kb6 42.Re7 e4 43.Kb4 Rd2
44.c5+ Kc6 45.Re6+ Kc7 46.Rxg6 Rxf2 47.Rh6 f4 48.gxf4 e3 49.Kc3 Rxf4 50.Kd3 Re4
51.Ke2 Re5 52.c6 Kb6 53.h4 Kc7 54.h5 Kb6 55.Rh8 Kxc6 56.h6 Kb7 57.Rh7+ Kb6
58.Rg7 Rh5 59.Rg6+ Kc7 60.Kxe3 Kd7 61.Kf4 Ke7 62.Kg4 Rh1 63.Rg7+ Kf6  1/2-1/2

[Event "Frunze"]
[Site "Frunze"]
[Date "1985.??.??"]
[Round "12"]
[White "Imanaliev, Taalaibek"]
[Black "Sturua, Zurab"]
[Result "1/2-1/2"]
[WhiteElo "2385"]
[BlackElo "2420"]

1.e4 g6 2.d4 Bg7 3.Nc3 d6 4.Nf3 Nf6 5.Be2 O-O 6.O-O Bg4 7.a4 Nc6 8.Be3 e5
9.d5 Ne7 10.a5 a6 11.Nd2 Qc8 12.f3 Bd7 13.Na4 Nh5 14.c4 Nf4 15.c5 Qe8 16.Re1 Nxe2+
17.Rxe2 Nc8 18.Qb3 Bb5 19.Ree1 f5 20.Nc3 Rf7 21.Rec1 dxc5 22.Nxb5 axb5 23.Bxc5 Bh6
24.Be3 Qf8 25.Re1 Nd6 26.Qc3 Re8 27.a6 bxa6 28.Rxa6 Bxe3+ 29.Qxe3 Ra8 30.Rc6 Qd8
31.exf5 Rxf5 32.Qc3 Ne8 33.Rxe5 Ra1+ 34.Nf1 Rxe5 35.Qxe5 Nd6 36.Rc2 Qe8 37.Qxe8+ Nxe8
38.Rc5 b4 39.Rb5 Nf6 40.Kf2 Rd1 41.Rxb4 Nxd5 42.Rb3 Nf4 43.Rb7 Rb1 44.Ne3 Rxb2+
45.Rxb2 Nd3+ 46.Ke2 Nxb2 47.Nd5 c5 48.Nb6 Kf7 49.Kd2 c4 50.Nd5 Ke6 51.Ne3 Ke5
52.Kc3 Kf4 53.Nd5+ Ke5 54.Ne3 Kf4 55.Nc2 Nd3 56.Kxc4 Ne5+ 57.Kc3 Nxf3 58.gxf3 Kxf3
59.Ne1+ Kg4 60.Kd2 Kh3 61.Nf3 g5  1/2-1/2